KOHA-Header-6

Principles of Economics (Record no. 7258)

000 -LEADER
fixed length control field 00212nam a2200097Ia 4500
100 ## - MAIN ENTRY--AUTHOR NAME
Personal name Roy J.Ruffin
245 #0 - TITLE STATEMENT
Title Principles of Economics
260 ## - PUBLICATION, DISTRIBUTION, ETC. (IMPRINT)
Place of publication New York
Name of publisher Addison Wesley
Year of publication 1996
300 ## - PHYSICAL DESCRIPTION
Number of Pages 800
942 ## - ADDED ENTRY ELEMENTS (KOHA)
Koha item type Books
Holdings
Withdrawn status Lost status Collection code Permanent Location Current Location Shelving location Date acquired Full call number Accession Number Koha item type
    Economics MAJU MAJU Shelf No.A47 2019-09-12 330.2 1032 Economics

Powered by Koha